01014cpcaa2200265 a 4500001001300000003000400013005001700017008004100034010001700075040002400092072001200116100004000128245007700168300001300245506002200258520018000280545001500460546003600475580005700511600003400568600005500602651005000657656002400707999001700731mm 96006336 DLC20260227111725.0961114|||||||||||| eng  amm 96006336  aDLCcDLCdDLCedacs 7aW2lcmd1 aBoos, J. E.q(John E.),ecollector.00aJ.E. Boos collection of papers relating to Abraham Lincoln ,f1912-1937. a1fitem.0 aOpen to research.8 aVolume (50 items) of letters containing eyewitness accounts by civilians and soldiers present at Abraham Lincoln's Gettysburg address. Includes illustrations and memorabilia.0 aCollector. aCollection material in English. aForms part of: Miscellaneous Manuscripts collection.10aLincoln, Abraham,d1809-1865.10aLincoln, Abraham,d1809-1865.tGettysburg address. 0aUnited StatesxHistoryyCivil War, 1861-1865. 7aCollectors.2itoamc c44355d44355